| 000 | 01161nam a2200313 a 4500 | ||
|---|---|---|---|
| 001 | 63775 | ||
| 003 | BD-RjUL | ||
| 005 | 20211209081231.0 | ||
| 008 | 170204s2011 bg a b 011 0 eng d | ||
| 020 | _a9847012401255 | ||
| 035 | _a(BD-RjUL)63905 | ||
| 040 |
_aDLC _cDLC _dDLC _beng |
||
| 041 | _aeng | ||
| 082 |
_223 _a891.4414 _bGOA 2011 |
||
| 100 | 1 |
_aGosvāmī, Karuṇāmaẏa, _d1943- _9189313 |
|
| 245 | 1 | 4 |
_aThe art of Tagore songs / _cKarunamaya Goswami. |
| 246 | 3 | 0 | _aTagore songs |
| 260 |
_aDhaka : _bShahitya Prakash, _c2011. |
||
| 300 |
_axiii, 483 p. : _bill. ; _c25 cm. |
||
| 500 | _a"A tribute to Tagore on his 150th birth anniversary from the world's local bank, HSBC." | ||
| 504 | _aIncludes bibliographical references (p. [473]-475) and index. | ||
| 504 | _a"Books of Rabindranath Tagore"--p. 476-478. | ||
| 600 | 1 | 0 |
_aTagore, Rabindranath, _d1861-1941 _xCriticism and interpretation. _9189317 |
| 650 | 0 |
_aSongs, Bengali _zIndia _xHistory and criticism. _9189315 |
|
| 700 | 1 |
_aTagore, Rabindranath, _d1861-1941. _9176622 |
|
| 710 | 2 |
_aHongkong and Shanghai Banking Corporation. _9189316 |
|
| 942 |
_2ddc _cBK |
||
| 999 |
_c63775 _d63775 |
||